000 00403nam a2200145Ia 4500
008 230917s9999||||xx |||||||||||||| ||und||
040 _e204582
_aMAIN
041 _aEnglish
082 _a338.4791 C197G
100 _aCarlsen, Jack, ed.
245 0 _aGlobal wine tourism: Research, management and marketing
260 _aWallingford
_bC A B International
_c2006
300 _axix, 278 p.
942 _cBK
999 _c173052
_d173052